Điều cần biết, việc cần làm sau khi tốt nghiệp Đại học

Trang bị những kinh nghiệm làm người sâu sắc, phương thức đối nhân xử thế để có thể xây dựng mối quan hệ giao tiếp rộng rãi và hiệu quả trong xã hội

Wedi'i Gadw mewn:
Manylion Llyfryddiaeth
Fformat: Llyfr
Iaith:Undetermined
Cyhoeddwyd: Hà Nội Phụ nữ 2013
Pynciau:
Tagiau: Ychwanegu Tag
Dim Tagiau, Byddwch y cyntaf i dagio'r cofnod hwn!
Thư viện lưu trữ: Trung tâm Học liệu Trường Đại học Cần Thơ
LEADER 00834nam a2200193Ia 4500
001 CTU_204326
008 210402s9999 xx 000 0 und d
020 |c 72000 
082 |a 158.1 
082 |b Đ309 
245 0 |a Điều cần biết, việc cần làm sau khi tốt nghiệp Đại học 
245 0 |c Huyền Thư biên soạn 
260 |a Hà Nội 
260 |b Phụ nữ 
260 |c 2013 
520 |a Trang bị những kinh nghiệm làm người sâu sắc, phương thức đối nhân xử thế để có thể xây dựng mối quan hệ giao tiếp rộng rãi và hiệu quả trong xã hội 
650 |a Psychology, applied,Tâm lý học ứng dụng 
904 |i Hải 
980 |a Trung tâm Học liệu Trường Đại học Cần Thơ